MARC

LEADER 00000nas a2200000 a 4500
001 ssj0015996
003 WaSeSS
005 20200512172242.0
006 m d
007 cr n
008 840822c19849999ne bx p s 0 a0eng c
010 |a sn 85011174  
016 7 |a 8409922  |2 DNLM 
016 7 |a SR0050462  |2 DNLM 
022 |a 1423-0380  |l 1010-4283  |y 1010-4283 
030 |a TUMBEA 
035 |a (WaSeSS)ssj0015996 
040 |a IWA  |b eng  |c IWA  |d AIP  |d NLM  |d NST  |d HUL  |d NSD  |d NLM  |d NST  |d NSD  |d AGL  |d NST  |d OCL  |d NST  |d WAU  |d OCL  |d NSD  |d SYS  |d MYG  |d OCLCQ  |d MYG  |d OCLCQ  |d MYG  |d NLM  |d CUS  |d OCLCQ  |d OCLCF  |d OCLCO  |d OCLCQ  |d OCLCO  |d OCLCQ  |d WaSeSS 
042 |a pcc  |a nsdp 
050 4 |a RC254.A1  |b O521x 
060 0 0 |a W1  |b TU723H 
070 0 |a RC268.3.O52 
072 0 |a X380 
210 0 |a Tumor biol. 
222 0 |a Tumor biology 
245 0 0 |a Tumour biology  |h [electronic resource] :  |b the journal of the International Society for Oncodevelopmental Biology and Medicine. 
246 3 0 |a Tumor biology 
260 |3 1984-<1986> :  |a Tokyo, Japan :  |b Suikon Pub. Co.,  |c ©1984- 
260 2 |3 1987-<Dec. 2009> :  |a Basel :  |b S. Karger 
260 3 |3 <Jan. 2010-> :  |a Dordrecht :  |b Springer Netherlands 
310 |a Six no. a year 
362 0 |a Vol. 5, no. 1- 
500 |a Vols. for Jan.-Feb. 1987-<Jan.-Feb. 2002> have title: Tumor biology. 
506 |a License restrictions may limit access. 
588 |a Latest issue consulted: 23/1/02 (Jan.-Feb. 2002). 
650 0 |a Tumors  |v Periodicals. 
650 0 |a Oncology  |v Periodicals. 
650 0 |a Cancer  |v Periodicals. 
650 2 |a Carcinoembryonic Antigen. 
650 2 |a Medical Oncology. 
650 2 |a Neoplasms  |x immunology. 
650 2 |a alpha-Fetoproteins. 
650 7 |a Cancer.  |2 fast  |0 (OCoLC)fst00845317 
650 7 |a Oncology.  |2 fast  |0 (OCoLC)fst01045739 
650 7 |a Tumors.  |2 fast  |0 (OCoLC)fst01158759 
655 0 |a Electronic journals. 
710 2 |a International Society for Oncodevelopmental Biology and Medicine. 
780 0 0 |t Oncodevelopmental biology and medicine  |x 0167-1618  |w (DLC)sc 81001052  |w (OCoLC)6802654 
850 |a CPT  |a CSt-L  |a CU  |a CU-AM  |a CU-SM  |a CaAEU  |a CaOKQH  |a CaOTU  |a DNAL  |a DNLM  |a IaAS  |a IaU  |a MBCo  |a MiDW-M  |a MiU  |a MoSW-M  |a NjP  |a OU  |a RPB-S  |a TxHMC  |a WaU 
853 0 2 |8 1  |a v.  |b no.  |u 06  |v r  |i (year)  |j (month/month)  |w b 
856 4 0 |z Full text available from Research Library: 12/01/1997 to 12/31/2015  |u https://search.proquest.com/publication/33651 
856 4 0 |z Full text available from Research Library: 01/01/2017 to 06/30/2018  |u https://search.proquest.com/publication/2046299 
863 4 0 |8 1  |a <5>-  |i <1984>-  |x provisional